• 首页
  • 本馆介绍
  • 公告通知
  • 最新文献
  • 馆藏检索
  • 电子资源
  • 读者导购
  • 参考咨询
  • 我的图书馆
  • 登录
  • 详细信息显示
  • 放入我的书架
  • 预约/预借图书
  • 作者相关作品
  • 分类相关作品
  • 丛书相关作品
  • 出版社相关作品

书目信息

  • 表格格式
  • 工作单格式
  • 卡片格式
题名:
工厂常用工具热处理
    
 
作者: 孙一唐 编
分册:  
出版信息: 北京   冶金工业出版社  1975
页数: 188页
开本: 20cm
丛书名:
单 册:
中图分类: TG162.1
科图分类:
主题词: 工具-热处理 , 热处理-工具
电子资源:
ISBN:
000 00664nam0 2200241 45
001 0175004056
005 20060519103012.29
010    @dCNY0.60
100    @a19951014d1975 em y0chiy0121 ea
101 0  @achi
102    @aCN@b110000
105    @ay z 000yy
200 10 @a工厂常用工具热处理@Agong chang chang yong gong ju re chu li@f孙一唐编@Fsun yi tang bian
205    @a新1版@b修订本
210    @a北京@c冶金工业出版社@d1975
215    @a188页@d20cm
606    @a工具-热处理
606    @a热处理-工具
690    @aTG162.1@v3
701  0 @a孙一唐@Asun yi tang@4编
801  0 @aCN@bTSSF@c20060519
801  2 @aCN@bNLC@c20060323
905    @a10447@dTG162.1@e3
    
    工厂常用工具热处理/孙一唐编.-新1版,修订本.-北京:冶金工业出版社,1975
    188页;20cm
    
    
    ISBN :CNY0.60
    
●
相关链接 在E读中查询图书 在五车中查询图书 在当当中查询图书 在豆瓣中查询图书


正题名:工厂常用工具热处理     索取号:TG162.1/3         预约/预借

序号 登录号 条形码 馆藏地/架位号 状态 备注
1 0002752   202364805   密集书库/ [索取号:TG162.1/3] 在馆    
2 0002753   202364761   密集书库/ [索取号:TG162.1/3] 在馆    
3 0013194   202208645   密集书库/ [索取号:TG162.1/3] 在馆    
唐山师范学院图书馆 欢迎您!
大连网信软件有限公司© 版权所有